BIBLIOTHÈQUE DE LA MAISON DU MEXIQUE

Logo 1 Logo 2

Album musical (notice nᵒ 3941)

détails MARC
000 -Sello discográfico
campo de control de longitud fija 01168nam a2200397 4500
005 - Identificación de versión
campo de control 20251016083716.0
010 ## - Número Estándar Internacional de Libros (ISBN)
Número (ISBN) 968-6170-70-7
035 ## - Otros números de control del sistema
Número de control del sistema 25768
099 ## - fechas locales
Tipo de ítem Koha LIBRO
100 ## - Datos de procesamiento general
Datos de procesamiento general 19990218d1994 m y1spay5003 ba
105 ## - Campo de datos codificados: Material textual, monográfico
Datos codificados de monografía g 001zy
200 1# - Título y mención de responsabilidad
Título propio Album musical
Designación general del material música impresa
Primer mención de responsabilidad Juventino Rosas
205 ## - Declaración de edición
Declaración de edición 1a ed en Colección Autores de Guanajuato
210 ## - Publicación, distribución, etc.
Lugar de publicación, distribución, etc. México
Nombre del editor, distribuidor, etc. Gobierno del Estado de Guanajuato
Fecha de publicación, distribución, etc. 1994
215 ## - Descripción física
Designación de material específico y extensión del ítem 203 p
Otras características físicas partituras
Dimensiones 28 cm
318 ## - Nota de acción
Acción No se presta a domicilio
345 ## - Nota de información de adquisición
Fuente de adquisición/dirección de la suscripción [OBSOLETO] Donación
410 #1 - Series
Título Colección Autores de Guanajuato
606 ## - Término temático usado como materia
Elemento de entrada Música mexicana
Número Koha 7782
606 ## - Término temático usado como materia
Elemento de entrada Música para piano
Número Koha 7783
606 ## - Término temático usado como materia
Elemento de entrada Partituras
Subdivisión temática Lectura y ejecución
Número Koha 3755
660 ## - Código de área geográfica
Código MX
700 ## - Nombre personal - Responsabilidad primaria
Elemento de entrada Rosas
Parte del nombre distinta del elemento de entrada Juventino
Fechas 1868-1894
Número Koha 7784
801 #0 - Fuente de origen
País FR
Agencia cm
Reglas de catalogación (convenciones descriptivas) AFNOR
900 ## -
-- 1/18324
900 ## -
-- 7109910234\180299
942 ## - ELEMENTOS DE ENTRADA SECUNDARIOS (KOHA)
Tipo de ítem Koha Livre
996 ## -
-- MEX
-- 751145101
-- MMAG
-- 002472
-- R780.78 R788A
-- 20120313LIV
Exemplaires
Estatus retirado Estado de daño Estado de pérdida Fecha de adquisición Biblioteca de origen Biblioteca actual Ubicación en estantería Código de barras Precio de reemplazo Signatura topográfica completa No para préstamo Tipo de ítem Koha Nota pública Nota no pública
      05/08/2025 Casa México Paris Casa México Paris   002472 05/08/2025 R780.78 R788A No se presta a domicilio Livre 20120313LIV 751145101